Grundwissen Politik: Bundesminister des Auswärtigen - Sudden Death - Statistiken

Allgemein
  • Dieses Quiz wurde 281 mal gespielt
    146 seit der letzten Aktualisierung
  • Das Durchschnittsergebnis liegt bei 7 aus 16
Answers on the Grid
Answers color-coded by a green-red scale on the quiz's grid according to % correct below.
Klaus Stauffenberg
Frank-Walter Steinmeier
Guido Westerwelle
Franz Josef Strauß
Boris Pistorius
Annalena Baerbock
Klaus Kinkel
Frank-Walter Steinmeier
Joschka Fischer
Heiko Maas
Hans Dietrich Genscher
Helmut Schmidt
Willy Brandt
Walter Scheel
Heinrich von Brentano
Konrad Adenauer
Manfred Wörner
Gerhard Schröder
Rudolf Scharping
Johann Wadephul
Sigmar Gabriel
Thomas de Maiziére
Volker Rühe
Theodor Blank
Ursula von der Leyen
Hans Apel
Manfred Rommel
Jürgen Möllemann
Kurt Waldheim
Georg Leber
Otto Schilly
Friedrich Zimmermann
Ernst Albrecht
 
Antwortstatistiken
Antwort % Korrekt
2021 - 2025 Annalena Baerbock
75%
amtierend Johann Wadephul
62%
2018 - 2021 Heiko Maas
60%
1998 - 2005 ( I am not convinced...) Joschka Fischer
56%
2005 - 2009 Frank-Walter Steinmeier
54%
2013 - 2017 Frank-Walter Steinmeier
54%
1974 - 1992 (mit Unterbrechung im Sept 1982) Hans Dietrich Genscher
54%
2009 - 2013 Guido Westerwelle
51%
2017 - 2018 Sigmar Gabriel
46%
in Personalunion mit dem Amt des Bundeskanzlers (1951 - 1955) Konrad Adenauer
35%
1966 - 1969 Willy Brandt
34%
1992 - 1998 Klaus Kinkel
32%
Gerhard Schröder (CDU) 1961 - 1966 Gerhard Schröder
27%
1969 - 1974 Walter Scheel
26%
17.09.1982- 01.10.1982 Helmut Schmidt
20%
1955 - 1961 Heinrich von Brentano
18%
Keine übereinstimmenden Quizze gefunden
Verteilung der Resultate
Anzahl Personen mit jedem Resultat
Perzentil nach korrekt beantworteten Fragen
Ihre Resultats-Entwicklung
Sie haben dieses Quiz seit der letzten Aktualisierung nicht gespielt